03673nab a22007097 4500003000900000022001400009040001800023041000800041044000700049245004200056260002500098300004300123505001100166505005300177505002700230505005600257505004000313505004900353505003100402505008300433505003100516505006400547505003300611505005500644505003300699505007700732505004200809505007200851505003700923505005400960505003101014505006401045505003701109505006101146505004301207505008501250505003701335505005401372505006301426505003201489505007001521505004401591505010301635505004201738505006601780505007701846505006101923505007801984505006402062505008802126505005302214505007002267505005702337505008102394505006802475505007502543505007302618505010102691505006402792650003302856773007402889AR-RoUNA a0327-9022 aAR-RoUNAbspa aspa aag aSumma+ / bArquetipos y Abstracción aBuenos Aires ,c1993 a128 p. :bil. byn.bplanosc34 X25 cm.0 tINDICE0 aFernando Diez / Arquetipos y Abstracción. p. 40 tPortugal - BLANCO PURO0 aAires Mateus / Casa en Leiria, Portugal, 2010. p. 80 tDinamarca - TRANSFORMACIONES CURVAS0 aMLRP / Mirror House, Copenhague, 2011. p. 160 tAustria - VOLUMEN SÓLIDO0 aJudith Benzer / Casa de Verano en el sur de Burgenland, Oberbegen, 2011. p. 200 tChile - Fuerza de Contacto0 aCecilia Puga / Casa en Bahía Azul, Los Vilos, 2002. p. 260 tJapón - Tokio en miniatura0 aSDU Fujimoto / Departamentos en Tokio, 2010. p. 320 tAlemania - ROTAR Y TRASLADAR0 aHerzog & de Meuron / Vitrahaus, Vitra Campus, Weii am Rheim, 2009. p. 380 tMéxico - LA CASA PARA EL ESPÍRITU0 aParque Humano / Pabellón en Lámina, Valle de Bravo, 2011. p. 440 tEstados Unidos - TENSAR Y PLEGAR0 aProcter - Rihl / Pull House, Vermont, 2010. p. 480 tChile - ABIERTA A CAMBIOS0 aEduardo Castillo / Casa Pantalón, V Región, 2005. p. 540 tPaíses Bajos - VIDA ACUÁTICA0 aMecando / Museo Marítimo Kaap Skil, Texel, 2011. p. 600 tPortugal - ALTERACIONES LONGITUDINALES0 aCNLL - Atelier Kuno Lacerda Lopes / Centro Escolar Mourriz, Paredes, 2010. p. 660 tReino Unido - AGUDEZA MANIERISTA0 aADC / Spa School, Southwark, Londres, 2012. p. 720 aSilvia Arango / Crítica y premios de arquitectura. p. 760 tPortugal - POSITIVO MINERAL0 aEduardo Souto de Moura / Museo Paula Rëgo, Cascais, 2009. p. 820 tColumbia - PATRÓN, MÓDULO Y SISTEMA0 aGiancarlo Mazzanti Sierra / Sistema Modular para preescolar en Santa Marta, Magdalena, 2010. p. 880 tChile - LABERINTO DE INSTROSPECCIÓN0 aPezo Von Ellrichshausen / Casa Parr, Chiguayante, 2008. p. 920 aSoledad Soria / Gestos Elementales: entrevista a Eduardo Castillo. p. 980 tLOS EDIFICIO NO HABLAN: pero MVRD tiene mucho para decir0 aMVRDV / Museo del Cómic y la animación, Hangzhou, China, 2011. p. 1050 aMVRDV / Máster Plan del Waterwlink, La Haya, 2003. p. 1070 aMVRDV / Granero Oscilante - Casa Balancín (Balancing Barn), Suffolk, 2010. p. 1090 aMVRDV / Didden Village, Róterdam, 2007. p. 1110 aHugo Mondragón y Sebastián Irrázaval / Dame Refugio. p. 1120 aSoledad Soria / El libro de las revelaciones. p. 1160 aIgancio Ros de Olano / ARC - ET -Senans y La Ville de Chaux en papel. p. 1170 aRuth Verde Zein / Paseo Efelógicos y detalles caninos. p. 1180 aRafael E.J. Iglesia / Dos paradigmas: artisticidad, modernidad. p. 1200 aRoberto Fernández / Efecto Guggenheim: el wafle de Sevilla. p. 1230 aRita Molinas, Mario Sabugo y Maximiliano Salomón / El Manantial (II): uno contra todos. p. 1260 aSergio Zicovich Wilson / ¡Me jumelan los tachines!. p. 128 aArquitectura contemporánea0 aSumma+dBuenos Aires, ArgentinagNº124 (sep-2012), p. 128x0327-9022